Statistics for Countries by Road Density

Click here to take the quiz!

General Stats

  • This quiz has been taken 30 times
  • The average score is 6 of 10

Answer Stats

kmAnswer% Correct
3,850Monaco
93%
472Singapore
89%
372The Netherlands
81%
499Belgium
78%
493Bahrain
67%
316Japan
63%
705Malta
59%
372Barbados
37%
213Saint Vincent and the Grenadines
30%
262Antigua and Barbuda
26%

Score Distribution

Percentile by Number Answered

Percent of People with Each Score

Your Score History

You have not taken this quiz